| 000 | 00794nam a2200229Ia 4500 | ||
|---|---|---|---|
| 005 | 20251020182514.0 | ||
| 008 | 200515s9999 xx 000 0 und d | ||
| 020 | _a958-653-059-0 | ||
| 082 | _a658.36/C28 | ||
| 100 | _aCASCIO, Wayne | ||
| 245 | 0 | _aProductividad del recurso humano | |
| 260 | _aSantafé de Bogotá, D.C. | ||
| 260 | _bLegis Fondo Editorial | ||
| 260 | _c1993 | ||
| 300 | _a325 p. | ||
| 300 | _btbls. | ||
| 500 | _a1 ejemplar | ||
| 520 | _aSe incluyen los más actualizados aspectos del coste3o de los recursos humanos: Resumen y crítica de la contabilidad de recursos humanos. Manejo, causas y costos de rotación y absentismo. Costos y consecuencias de fumar en el trabajo. Sistematización del a | ||
| 650 | _aRECURSOS HUMANOS | ||
| 942 | _cLIB | ||
| 999 |
_c1543 _d1543 |
||